[Event "ACT-ch"]
[Site "Canberra"]
[Date "2017.03.10"]
[Round "1"]
[White "Badrinarayan, Siddhant"]
[Black "Ikeda, Junta"]
[Result "0-1"]
[WhiteElo "1481"]
[BlackElo "2395"]
[PlyCount "58"]
[EventDate "2017.03.10"]
[EventType "swiss"]
[EventRounds "7"]
[EventCountry "AUS"]
[SourceTitle "EXT 2023"]
[Source "ChessBase"]
[SourceDate "2022.10.05"]
[SourceVersion "1"]
[SourceVersionDate "2022.10.05"]
[SourceQuality "1"]

1. d4 Nf6 2. Nf3 e6 3. c4 b6 4. Nc3 Bb7 5. e3 Be7 6. Bd3 d5 7. 0-0 0-0 8. Re1 Ne4 9. Qc2 f5 10. Ne5 Nd7 11. Nxd7 Qxd7 12. Bxe4 fxe4 13. cxd5 exd5 14. b3 Rf6 15. Bb2 Raf8 16. Re2 Ba6 17. Rd2 Rg6 18. Ne2 Bb4 19. Rdd1 Rc6 20. Nc3 Bxc3 21. Bxc3 Rg6 22. Bb4 c5 23. dxc5 Rxg2+ 24. Kxg2 Qg4+ 25. Kh1 Qf3+ 26. Kg1 Rf6 27. Qc4 Qxf2+ 28. Kh1 Qf3+ 29. Kg1 Rg6# 0-1

[Event "ACT-ch"]
[Site "Canberra"]
[Date "2016.02.20"]
[Round "7"]
[White "Cunningham, Campbell"]
[Black "Badrinarayan, Siddhant"]
[Result "1-0"]
[WhiteElo "1504"]
[BlackElo "1014"]
[PlyCount "105"]
[EventDate "2016.02.12"]
[EventType "swiss"]
[EventRounds "9"]
[EventCountry "AUS"]
[SourceTitle "CBM 171 Extra"]
[Source "ChessBase"]
[SourceDate "2016.04.26"]
[SourceVersion "1"]
[SourceVersionDate "2016.04.26"]
[SourceQuality "1"]

1. e4 e5 2. Nf3 Nc6 3. Bb5 a6 4. Ba4 Nf6 5. 0-0 b5 6. Bb3 Bc5 7. Nxe5 Nxe5 8. d4 Bxd4 9. Qxd4 d6 10. Bg5 0-0 11. f4 c5 12. Bxf6 Qb6 13. Qf2 Ng4 14. Qg3 Nxf6 15. Bd5 Bb7 16. Bxb7 Qxb7 17. e5 dxe5 18. fxe5 Nh5 19. Qg4 g6 20. Nd2 Qc8 21. Qxc8 Raxc8 22. g4 Ng7 23. Ne4 Ne6 24. Rf3 Nd4 25. Rh3 Kg7 26. c3 Ne2+ 27. Kf2 Nf4 28. Rf3 Ne6 29. h4 Rc7 30. Rh1 h6 31. Nf6 Rd8 32. Ne4 Rd5 33. Re1 Rxe5 34. Rfe3 Rd5 35. Rf3 Rd8 36. Nf6 Rd2+ 37. Ke3 Rxb2 38. Ne8+ Kg8 39. Nxc7 Nxc7 40. Ref1 Nd5+ 41. Kd3 f6 42. R3f2 Rxf2 43. Rxf2 Kg7 44. Rf3 Nb6 45. Ke4 Nc4 46. Kd5 Ne5 47. Rg3 c4 48. Kc5 Nd3+ 49. Kb6 b4 50. cxb4 Nxb4 51. a3 Na2 52. Rg2 Nc1 53. Rc2 1-0

[Event "ACT-ch"]
[Site "Canberra"]
[Date "2016.02.12"]
[Round "1"]
[White "Chibnall, Alana"]
[Black "Badrinarayan, Siddhant"]
[Result "1-0"]
[WhiteElo "1884"]
[BlackElo "1014"]
[PlyCount "59"]
[EventDate "2016.02.12"]
[EventType "swiss"]
[EventRounds "9"]
[EventCountry "AUS"]
[SourceTitle "CBM 171 Extra"]
[Source "ChessBase"]
[SourceDate "2016.04.26"]
[SourceVersion "1"]
[SourceVersionDate "2016.04.26"]
[SourceQuality "1"]

1. e4 e5 2. Nf3 Nc6 3. Bb5 a6 4. Ba4 Bc5 5. c3 d6 6. d4 exd4 7. cxd4 Bb4+ 8. Nc3 b5 9. Bb3 Nf6 10. 0-0 0-0 11. Qd3 Bb7 12. Bg5 h6 13. Bxf6 Qxf6 14. Nd5 Qd8 15. Rac1 Ba5 16. Bc2 Ne7 17. b4 Bb6 18. e5 Ng6 19. Nxb6 cxb6 20. e6 Qf6 21. d5 Rfe8 22. Rfe1 Nf4 23. Qh7+ Kf8 24. Qh8+ Ke7 25. Qh7 Bxd5 26. Be4 Bxe4 27. Rc7+ Kd8 28. Rd7+ Kc8 29. Qxe4 Qxe6 30. Qb7# 1-0

[Event "ACT-ch"]
[Site "Canberra"]
[Date "2014.03.30"]
[Round "8"]
[White "Badrinarayan, Siddhant"]
[Black "Winkelman, Albert"]
[Result "0-1"]
[WhiteElo "732"]
[BlackElo "917"]
[PlyCount "124"]
[EventDate "2014.03.21"]
[EventType "swiss"]
[EventRounds "9"]
[EventCountry "AUS"]
[SourceTitle "CBM 159 Extra"]
[Source "ChessBase"]
[SourceDate "2014.04.24"]
[SourceVersion "1"]
[SourceVersionDate "2014.04.24"]
[SourceQuality "1"]

1. d4 e6 2. c4 c5 3. e3 Nc6 4. Nc3 Qb6 5. Nf3 g6 6. d5 Nce7 7. b3 Bg7 8. Bb2 Qb4 9. Qd2 exd5 10. Na4 Qxd2+ 11. Nxd2 Bxb2 12. Nxb2 Nf6 13. Be2 0-0 14. 0-0 Re8 15. Bd3 Nc6 16. Na4 d6 17. Nc3 d4 18. exd4 Nxd4 19. Rfe1 Bd7 20. Ne2 Nxe2+ 21. Rxe2 Rxe2 22. Bxe2 Re8 23. Bf3 b6 24. h3 Bf5 25. Kh2 Bd3 26. Nf1 Be2 27. Re1 Bxf3 28. Rxe8+ Nxe8 29. gxf3 Nf6 30. Ne3 Kf8 31. Kg3 Nh5+ 32. Kg4 f5+ 33. Nxf5 Nf6+ 34. Kg5 Ne8 35. Ne3 Kg7 36. Nd5 h6+ 37. Kg4 Nf6+ 38. Kf4 Nxd5+ 39. cxd5 Kf6 40. Ke4 Kg5 41. f4+ Kf6 42. h4 h5 43. f3 b5 44. a3 c4 45. bxc4 bxc4 46. Kd4 Kf5 47. Kxc4 a6 48. Kb4 Kxf4 49. Ka5 g5 50. hxg5 Kxg5 51. Kb6 h4 52. Kc6 h3 53. Kxd6 h2 54. Ke7 h1Q 55. d6 Qh7+ 56. Kd8 Kf6 57. d7 Ke6 58. Kc7 Qxd7+ 59. Kb6 Qb5+ 60. Ka7 Kd7 61. f4 Kc7 62. f5 Qb7# 0-1

[Event "ACT-ch"]
[Site "Canberra"]
[Date "2014.03.23"]
[Round "5"]
[White "Badrinarayan, Siddhant"]
[Black "Rumley, William"]
[Result "1-0"]
[WhiteElo "732"]
[BlackElo "351"]
[PlyCount "103"]
[EventDate "2014.03.21"]
[EventType "swiss"]
[EventRounds "9"]
[EventCountry "AUS"]
[SourceTitle "CBM 159 Extra"]
[Source "ChessBase"]
[SourceDate "2014.04.24"]
[SourceVersion "1"]
[SourceVersionDate "2014.04.24"]
[SourceQuality "1"]

1. d4 Nf6 2. c4 c6 3. Nc3 Ng4 4. e4 e6 5. Qxg4 d6 6. Qd1 h5 7. Nf3 c5 8. d5 exd5 9. exd5 Qe7+ 10. Be2 Na6 11. Bg5 f6 12. Be3 Bg4 13. h3 Bf5 14. Nh4 Nb4 15. Nxf5 Qd7 16. Qa4 Qxa4 17. Nxa4 Nc2+ 18. Kd2 Nxa1 19. Rxa1 Be7 20. Bf4 g6 21. Nxd6+ Bxd6 22. Bxd6 Rd8 23. Bxc5 b6 24. Bd4 0-0 25. c5 bxc5 26. Bxc5 Rf7 27. Bc4 Rfd7 28. d6+ Kg7 29. Kc2 Re8 30. Bb5 Rdd8 31. Bxe8 Rxe8 32. d7 Rd8 33. Rd1 Kf7 34. Nb6 Ke6 35. Kc3 axb6 36. Bxb6 Rxd7 37. Rxd7 Kxd7 38. a4 Kc6 39. a5 Kb7 40. f4 f5 41. Kd4 Ka6 42. Ke5 g5 43. fxg5 f4 44. g6 f3 45. gxf3 h4 46. g7 Kb5 47. g8Q Ka6 48. Qc4+ Kb7 49. Qc7+ Ka6 50. Qc4+ Kb7 51. a6+ Ka8 52. Qc8# 1-0

[Event "ACT-ch"]
[Site "Canberra"]
[Date "2014.03.22"]
[Round "2"]
[White "Badrinarayan, Siddhant"]
[Black "Badrinarayan, Sankeertan"]
[Result "1-0"]
[WhiteElo "732"]
[BlackElo "1220"]
[PlyCount "77"]
[EventDate "2014.03.21"]
[EventType "swiss"]
[EventRounds "9"]
[EventCountry "AUS"]
[SourceTitle "CBM 159 Extra"]
[Source "ChessBase"]
[SourceDate "2014.04.24"]
[SourceVersion "1"]
[SourceVersionDate "2014.04.24"]
[SourceQuality "1"]

1. d4 Nf6 2. c4 e6 3. Bg5 d5 4. Nc3 c6 5. a3 Nbd7 6. e4 dxe4 7. Nxe4 Qa5+ 8. b4 Qf5 9. Nxf6+ Nxf6 10. Bxf6 Qxf6 11. Nf3 Bd6 12. Be2 0-0 13. 0-0 Rd8 14. Qc2 b6 15. c5 bxc5 16. dxc5 Be5 17. Nxe5 Qxe5 18. Rfd1 Bb7 19. Rxd8+ Rxd8 20. Rd1 Rxd1+ 21. Qxd1 Qd5 22. Qxd5 exd5 23. f3 Kf8 24. Kf2 Ke7 25. Ke3 a6 26. Kd4 Ke6 27. g4 h6 28. h4 Kf6 29. f4 Bc8 30. a4 Ke7 31. b5 axb5 32. axb5 cxb5 33. Bxb5 Bxg4 34. Kxd5 Bf3+ 35. Ke5 Kd8 36. Kd6 f6 37. c6 Bg4 38. c7+ Kc8 39. Ba6# 1-0

[Event "AUS-ch U12"]
[Site "Wahroonga"]
[Date "2014.01.15"]
[Round "1"]
[White "Guo, Zhi Xin"]
[Black "Badrinarayan, Siddhant"]
[Result "1-0"]
[WhiteElo "1187"]
[BlackElo "709"]
[PlyCount "113"]
[EventDate "2014.01.11"]
[EventType "swiss"]
[EventRounds "9"]
[EventCountry "AUS"]
[SourceTitle "EXT 2020"]
[Source "ChessBase"]
[SourceDate "2019.10.17"]
[SourceVersion "1"]
[SourceVersionDate "2019.10.17"]
[SourceQuality "1"]

1. d4 Nf6 2. c4 e6 3. Nc3 Bb4 4. Bg5 0-0 5. e4 h6 6. Bxf6 Qxf6 7. a3 Bxc3+ 8. bxc3 d5 9. e5 Qe7 10. c5 Nc6 11. Bb5 a6 12. Bxc6 bxc6 13. a4 Bd7 14. Nf3 Rab8 15. 0-0 f6 16. exf6 Qxf6 17. Ne5 Rbd8 18. Qe2 Kh8 19. Qxa6 Kg8 20. Nxd7 Rxd7 21. Qxc6 Qd8 22. Qxe6+ Kh8 23. Rfe1 Rdf7 24. f3 Qg5 25. Qg4 Qd2 26. Rac1 Rf5 27. Qg3 Rg5 28. Qf2 Qf4 29. Kh1 Rh5 30. h3 g5 31. Qe3 Qg3 32. Qe5+ Qxe5 33. Rxe5 c6 34. Re6 Rc8 35. Rce1 Kg7 36. Re8 Rc7 37. R8e7+ Rxe7 38. Rxe7+ Kf6 39. Re5 Kg6 40. Re6+ Kf5 41. g4+ Kxe6 42. gxh5 Kd7 43. h4 gxh4 44. f4 Ke6 45. a5 Kf5 46. a6 Kxf4 47. a7 Ke3 48. a8Q Kd3 49. Qxc6 Kxc3 50. Qxd5 h3 51. c6 h2 52. c7 Kd3 53. c8R Ke3 54. Rc3+ Kd2 55. Qb3 Ke2 56. Rc2+ Kd1 57. Qb1# 1-0

[Event "AUS-ch U10"]
[Site "Wahroonga"]
[Date "2014.01.12"]
[Round "4"]
[White "Baillie, Ethan"]
[Black "Badrinarayan, Siddhant"]
[Result "0-1"]
[WhiteElo "445"]
[BlackElo "709"]
[PlyCount "70"]
[EventDate "2014.01.11"]
[EventType "swiss"]
[EventRounds "9"]
[EventCountry "AUS"]
[SourceTitle "EXT 2020"]
[Source "ChessBase"]
[SourceDate "2019.10.17"]
[SourceVersion "1"]
[SourceVersionDate "2019.10.17"]
[SourceQuality "1"]

1. e4 e5 2. Nf3 Nc6 3. Nc3 Nf6 4. Bc4 Bc5 5. Ng5 0-0 6. 0-0 h6 7. Nf3 d6 8. d3 Bg4 9. Be3 Bxe3 10. fxe3 Na5 11. Qe1 Nxc4 12. dxc4 Qd7 13. h3 Be6 14. Nd2 Qe7 15. Qg3 Nh5 16. Qf3 Nf6 17. Qg3 Nd7 18. Nb5 c6 19. Nc7 Rac8 20. Nxe6 Qxe6 21. Qg4 Qxg4 22. hxg4 Nf6 23. Nf3 Nxg4 24. Rad1 Nxe3 25. Rxd6 Nxf1 26. Kxf1 Rcd8 27. Rxd8 Rxd8 28. Nxe5 Rd2 29. Ke1 Rxc2 30. b4 Rxa2 31. b5 cxb5 32. cxb5 Rxg2 33. Kd1 h5 34. Nc6 bxc6 35. bxc6 Rg6 0-1

[Event "AUS-ch U10"]
[Site "Wahroonga"]
[Date "2014.01.11"]
[Round "1"]
[White "Badrinarayan, Siddhant"]
[Black "Choemuku Huang, Evan"]
[Result "0-1"]
[WhiteElo "709"]
[BlackElo "360"]
[PlyCount "102"]
[EventDate "2014.01.11"]
[EventType "swiss"]
[EventRounds "9"]
[EventCountry "AUS"]
[SourceTitle "EXT 2020"]
[Source "ChessBase"]
[SourceDate "2019.10.17"]
[SourceVersion "1"]
[SourceVersionDate "2019.10.17"]
[SourceQuality "1"]

1. d4 Nf6 2. c4 e6 3. Nc3 Bb4 4. a3 Bxc3+ 5. bxc3 h6 6. Nf3 Nc6 7. Bf4 d5 8. e3 Ne4 9. Qd3 Na5 10. cxd5 exd5 11. Rb1 Nc4 12. Rb3 0-0 13. Be2 Bf5 14. Qd1 b6 15. Bxc4 dxc4 16. Rb4 Nxc3 17. Qa1 Ne4 18. Rxc4 Rc8 19. 0-0 Bg4 20. Qd1 Bxf3 21. gxf3 Nd6 22. Rc3 Qd7 23. Kg2 Qe6 24. Bg3 Qg6 25. Qd3 Qg5 26. f4 Qg4 27. h3 Qe6 28. Rfc1 Qd7 29. a4 Qxa4 30. Rxc7 Rxc7 31. Rxc7 Nb5 32. Rc4 Qa3 33. Qxa3 Nxa3 34. Ra4 Nb5 35. Kf1 Ra8 36. Ke2 Nc3+ 37. Kd3 Nxa4 38. Kc4 Nb2+ 39. Kb4 Nd3+ 40. Kc3 Nc1 41. f5 Ne2+ 42. Kb4 Nxg3 43. fxg3 a5+ 44. Kc4 a4 45. Kd3 a3 46. Ke4 a2 47. Kf4 a1Q 48. Kg4 Qd1+ 49. Kh4 g5+ 50. fxg6 fxg6 51. g4 Qe1# 0-1

[Event "ACT-ch"]
[Site "Tuggeranong"]
[Date "2013.02.24"]
[Round "9"]
[White "Badrinarayan, Siddhant"]
[Black "Badrinarayan, Sankeertan"]
[Result "0-1"]
[WhiteElo "454"]
[BlackElo "911"]
[PlyCount "108"]
[EventDate "2013.02.15"]
[EventType "swiss"]
[EventRounds "9"]
[EventCountry "AUS"]
[SourceTitle "EXT 2015"]
[Source "ChessBase"]
[SourceDate "2014.11.20"]
[SourceVersion "1"]
[SourceVersionDate "2014.11.20"]
[SourceQuality "1"]

1. d4 d5 2. c4 Nf6 3. Nf3 e6 4. Nc3 Bb4 5. e3 Ne4 6. Bd2 Nxd2 7. Qxd2 Nc6 8. Bd3 b6 9. 0-0 Bb7 10. a3 Bxc3 11. Qxc3 Qe7 12. Rfe1 0-0-0 13. Qc2 e5 14. Rad1 e4 15. Be2 exf3 16. Bxf3 dxc4 17. Qxc4 Na5 18. Bxb7+ Nxb7 19. e4 Qe6 20. Qxe6+ fxe6 21. d5 exd5 22. exd5 Rhe8 23. Rxe8 Rxe8 24. h3 Kd7 25. g4 Kd6 26. f3 Re5 27. Kg2 Rxd5 28. Re1 Rd2+ 29. Kg3 Rxb2 30. f4 Rb3+ 31. Kh4 Rxa3 32. g5 c5 33. f5 c4 34. f6 gxf6 35. gxf6 Nd8 36. Rf1 c3 37. f7 Nxf7 38. Rxf7 c2 39. Rf1 Rc3 40. Rc1 b5 41. Kg4 b4 42. h4 b3 43. h5 b2 44. Rxc2 Rxc2 45. Kg5 b1Q 46. Kh6 Qb7 47. Kg5 Qg7+ 48. Kf5 Qe5+ 49. Kg4 Rg2+ 50. Kf3 Qe2+ 51. Kf4 Qf1+ 52. Ke3 Re2+ 53. Kd3 Qd1+ 54. Kc3 Rc2+ 0-1